Islamic banking und islamic finance

Saved in:
Bibliographic Details
Main Author: Ernst, Dietmar
Other Authors: Akbiyik, Bilgehan, Srour, Ali
Format: Book
Language:German
Published: Konstanz UVK Verlagsgesellschaft 2013
Series:UTB Wirtschaftswissenschaften
Subjects:
Tags: Add Tag
No Tags, Be the first to tag this record!

MARC

LEADER 00000nam a2200000 4500
001 0176887
005 20240311131239.3
020 |a 978-3-8252-3978-7 
041 0 |a ger 
044 |a DE 
245 1 0 |a Islamic banking und islamic finance  |c Dietmar Ernst, Bilgehan Akbiyik, Ali Srour 
264 1 |a Konstanz  |b UVK Verlagsgesellschaft  |c 2013 
300 |a 149 s. 
490 1 |a UTB Wirtschaftswissenschaften 
830 0 |a UTB Wirtschaftswissenschaften 
610 2 0 |a islam 
610 2 0 |a financie 
610 2 0 |a bankovníctvo 
610 2 0 |a nástroje finančné 
610 2 0 |a podnikanie súkromné 
610 2 0 |a papiere cenné 
610 2 0 |a bankovníctvo retailové 
610 2 0 |a produkty 
100 1 |a Ernst, Dietmar 
700 1 |a Akbiyik, Bilgehan 
700 1 |a Srour, Ali